Las mil y una noches / (Registro nro. 10716)

Detalles MARC
000 -LIDER
fixed length control field 00939cam a2200325 i 4500
001 - NÚMERO DE CONTROL
Identificador de número de control 0000489
003 - IDENTIFICACDOR DE NÚMERO DE CONTROL
control field DO-SdBNP
005 - DATE AND TIME OF LATEST TRANSACTION
control field 20230427125815.0
007 - CAMPOS FIJOS DE DESCRIPCIÓN FÍSICA
fixed length control field 0000489
008 - ELEMENTOS DE LONGITUD FIJA
fixed length control field 100514s 2008 ag || 000 f spa
015 ## - NÚMERO DENTRO DE LA BIBLIOGRAFÍA NACIONAL
National bibliography number
017 ## - NÚMERO DE REGISTRO DE DERECHOS DE AUTOR
Copyright or legal deposit number
Assigning agency
020 ## - ISBN
International Standard Book Number 9789500815208
035 ## - NÚMERO LOCAL
System control number
040 ## - FUENTE DE CATALOGACIÓN
Agencia que crea de manera original el registro BPMSU
Idioma de catalogación spa
Agencia que realiza la transcripción BPMSU
Convenciones de la despripción
080 ## - NÚMERO DE CLASIFICACIÓN DECIMAL UNIVERSAL
Universal Decimal Classification number
082 #4 - NÚMERO DE CLASIFICACIÓN DECIMAL DE DEWEY
Classification number 892.73
Item number S599m 2008
Edition number 22
100 1# - ASIENTO PRINCIPAL -- NOMBRE PERSONAL
Nombre personal Simonini de Fuentes, Ángela
245 14 - MENCIÓN DE TITULO
Título Las mil y una noches /
Mención de responsabilidad adaptación Ángela Simonini de Fuentes ; ilustración Fernando Molinari
Medio (Designación general de material)
250 ## - MENCIÓN DE EDICION
Mención de edición 10a. ed.
260 ## - PUBLICACIÓN, DISTRIBUCIÓN, ETC. (PIE DE IMPRENTA)
Lugar de publicación, distribución, etc Buenos Aires:
Nombre del editor, distribuidor, etc. Atlántida,
Fecha de publicación, distribución, etc 2008.
300 ## - DESCRIPCIÓN FÍSICA
Extensión 182 p.:
Dimensiones 20 m
490 0# - MENCIÓN DE SERIES
Mención de serie Nueva biblioteca Billiken,
Volume/sequential designation 9
650 #4 - ENCABEZAMIENTO DE MATERIA--TEMÁTICO
Término temático o nombre geográfico como elemento de entrada Cuentos juveniles árabes
650 #4 - ENCABEZAMIENTO DE MATERIA--TEMÁTICO
Término temático o nombre geográfico como elemento de entrada Literatura juvenil arabe
700 1# - ASIENTO SECUNDARIO -- NOMBRE PERSONAL
Nombre personal Molinari, Fernando
Mención de responsabilidad il.
700 12 - ASIENTO SECUNDARIO -- NOMBRE PERSONAL
Nombre personal Simonini de Fuentes, Ángela
Mención de responsabilidad adap.
910 ## - VALIDACIÓN
Validación VMateo V. Control de calidad (BPMSU)
942 ## - ADDED ENTRY ELEMENTS (KOHA)
Source of classification or shelving scheme Dewey Decimal Classification
Koha item type Libros
Existencias
Withdrawn status Lost status Source of classification or shelving scheme Damaged status Not for loan Collection code Home library Current library Date acquired Source of acquisition Full call number Barcode Date last seen Price effective from Koha item type Copy number Total Checkouts
    Dewey Decimal Classification     Colección Juvenil General Biblioteca Pública Metropolitana Salomé Ureña Biblioteca Pública Metropolitana Salomé Ureña 07/06/2016 BPMSU CG 892.73 S599m 2008 BPMSU16070138 07/06/2016 07/06/2016 Libros    
    Dewey Decimal Classification     Colección Juvenil General Biblioteca Pública Metropolitana Salomé Ureña Biblioteca Pública Metropolitana Salomé Ureña 07/06/2016 BPMSU CG 892.73 S599m 2008 BPMSU16070139 07/06/2016 07/06/2016 Libros e.2  
    Dewey Decimal Classification     Colección Juvenil General Biblioteca Pública Metropolitana Salomé Ureña Biblioteca Pública Metropolitana Salomé Ureña 07/06/2016 FUNDI BPMSU CJG 892.73 S599m 2008 BPMSU16070140 07/06/2016 07/06/2016 Libros e.3